000 01330nam a2200241 i 4500
001 18298
003 DO-SdUEMH
005 20260106203241.0
007 ta
008 260106b1986 dr |||gr|||| 10| 0 spa d
040 _aDO-SdUEMH
_bspa
_erda
041 _aspa
082 1 4 _mRD
_bE56s
245 3 0 _aLa situación y los problemas del sistema financiero nacional /
_cexpositores: Julio Llibre S., Fredy A. Reyes Pérez, Frank Marino Hernández, Luis Manuel Pellerano, Mario Ginebra, Francisco Canahuate, Andrés Dauhajre, hijo ; editor: Frank Moya Pons
264 0 1 _aSanto Domingo, República Dominicana :
_bForum,
_c1986
300 _a152 paginas ;
_c22 cm.
336 _2rdacontent
_atexto
_btxt
337 _2rdamedia
_asin mediación
_bn
338 _2rdacarrier
_avolumen
_bnc
490 _aFarum ;
_v24
505 0 _a Introducción -- La situación de la banca hipotecaria en el actual proceso de ajustes de economía dominicana -- La situación del sistema de ahorros y prestamos -- Algunas características del sistema financiero dominicana -- Debate -- La situación de la banca de desarrollo -- El mercado Financiero informal no regulado en la republica dominicana -- El desenvolvimiento de los bancos de cambio en la República Dominicana -- Síntesis presentada por Andrés Dauhajre hijo -- Debate.
942 _2ddc
_n0
_cBK
999 _c18298
_d18298